Proyecciones sobre variables ocupacionales de 1988 al año 2000
Informe de la proyecciones sobre variables ocupacionales y sociolaborales, que abarcan el período de 1988 hasta el año 2000. Contiene las siguientes partes: fuentes de datos, metodología, resultados obtenidos y técnica de ajuste. Se utilizaron básicamente dos fuentes-documentos: "Estimaciones y...
Zapisane w:
| 1. autor: | |
|---|---|
| Format: | Texto |
| Wydane: |
San José:
Ministerio de Trabajo y Seguridad Social
|
| Hasła przedmiotowe: | |
| Etykiety: |
Dodaj etykietę
Nie ma etykietki, Dołącz pierwszą etykiete!
|
MARC
| LEADER | 00000 a a2200000 04500 | ||
|---|---|---|---|
| 001 | 3464 | ||
| 003 | |||
| 040 | |||
| 020 | |a [sin ISBN] | ||
| 022 | |a [sin ISBN] | ||
| 090 | |a 107800 | ||
| 100 | |a Cox Alvarado, Alexander | ||
| 245 | |a Proyecciones sobre variables ocupacionales de 1988 al año 2000 | ||
| 260 | |a San José: |b Ministerio de Trabajo y Seguridad Social | ||
| 300 | |a p. irreg |b **no definido** | ||
| 520 | |a Informe de la proyecciones sobre variables ocupacionales y sociolaborales, que abarcan el período de 1988 hasta el año 2000. Contiene las siguientes partes: fuentes de datos, metodología, resultados obtenidos y técnica de ajuste. Se utilizaron básicamente dos fuentes-documentos: "Estimaciones y proyecciones de población", elaborado por MIDEPLAN, CELADE, DGEC, para los datos de población, y para las tasas de participación laboral (TPL) se usaron las "Encuestas Nacionales de Hogares, Empleo y Desempleo" de la DGEC. Aquí se trabajó con tres hipótesis: la primera se refiere a las TPL y señala que en el año 2010 las tasas de participación laboral de todo el país serán semejantes a las observadas en 1987 para la Región Central, que es la región de mayor desarrollo del país. Las otras dos hipótesis se refieren a la composición por sector de actividad económica y a la composición de la población ocupada por grupo ocupacional, considerándose la estructura por grupo ocupacional como función únicamente de los sectores de actividad económica: o sea, los cambios en el primero se consideran inducidos por el segundo, Esas hipótesis son: a) hipótesis lenta: el porcentaje de personas ocupadas en el año 2000 en agricultura será de 25 por ciento y b) en la rápida se asume que ese porcentaje será de un 22 por ciento. El documento incluye diez cuadros estadísticos así como ocho gráficos. MB/MR | ||
| 650 | |a METODOLOGIA | ||
| 650 | |a POBLACION | ||
| 650 | |a MANO DE OBRA | ||
| 650 | |a SEXO | ||
| 650 | |a GRUPOS DE EDAD | ||
| 650 | |a EMPLEO | ||
| 650 | |a DESEMPLEO | ||
| 650 | |a CRECIMIENTO DEL EMPLEO | ||
| 650 | |a SECTORES ECONOMICOS | ||
| 650 | |a OCUPACIONES | ||
| 999 | |c 13300 |d 13300 | ||
